Popularne numery rap/trap tygodnia 25.06-01.07 Spotify. - Statystyki

Ogólne statystyki
  • Ten quiz został rozwiązany 13 razy
  • Średni wynik to 16 z 30
Statystyki odpowiedzi
Wykonawca Odsłuchania Utwór % Poprawnych
Kizo 1.59M Disney
83%
Mata 3.72M Kiss cam (podryw roku)
83%
Ekipa, Jacuś 1.13M Zygzak
83%
Ekipa 387K 3KIPA
75%
OIO 913K Amerykańskie Teledyski
75%
Sobel 1.14M Bandyta
75%
Sobel 1.15M Fiołkowe Pole
75%
Ekipa, Roxie 698K Napad Na Bank
67%
Mata 843K Patoreakcja
67%
OIO 774K Worki W Tłum
67%
Sobel 390K Alien
58%
Sobel 499K Impreza
58%
Kizo, Wac Toja 815K Nasze Lato
58%
Żabson, Kizo, ZetHa, Vladimir Cauchemar 722K Puerto Bounce
58%
Wiatr, Sobel, Be Vis 531K Testarossa
58%
White 2115 424K California
50%
Ekipa 536K Chill
50%
Sobel 544K Kinol
50%
Guzior 476K BLUEBERRY
42%
White 2115 559K Booker (baw się)
42%
Guzior, Oskar83 461K FALA
42%
Chivas, White 2115 556K Mam Na Twarzy Krew I Tym Razem Nie Jest Sztuczna
42%
OIO 399K MVP
42%
Sobel, Young Igi 403K Nie Teraz
42%
OIO 599K Przypadkiem
42%
Ekipa, Janusz Walczuk 474K Szlafroki
42%
Mata 485K Schodki
33%
Chivas, White 2115, Szpaku 414K Hellcat Redeye
25%
Białas, White 2115 530K Święto Ogródka
25%
Ekipa 451K Sen
17%
Nie znaleziono quizów pasujących do podanych kryteriów
Rozkład punktacji
Procent ludzi z każdym wynikiem
Percentyl według liczby udzielonych odpowiedzi
Twoja historia wyników
Nie rozwiązałeś tego quizu